000 00613nam a2200205 i 4500
001 149279
003 ES-MaACL
005 20250903011203.0
007 t|
008 071019s1978 sp |||| | spa d
100 1 _aVegas Pérez, Angel.
_9113648
245 1 0 _aElementos de matemáticas para economistas /
_cAngel Vegas Pérez, Manuel López Cachero.
250 _a2ª ed.
260 _aMadrid :
_bPirámide,
_c1978.
300 _a2 v. ;
_c23 cm.
650 0 7 _aMatemáticas
_2embne
_914814
700 1 _aLópez Cachero, Manuel
_973476
852 _aES-MaACL
_jL-4212-13
999 _c149279
_d149279